000 01039nam a22003257a 4500
001 BR0203401
003 BR-BrBNA
005 20230928101111.0
007 ta
008 230509b bl.||||| |||| 00| 0 por d
040 _aBR-BrBNA
_bpor
_cBiblioteca Nacional de Agricultura
041 _a(Por)
072 _aF62; F04; F06
_b2120
090 _ 2120 BR0203401
100 1 _aNazareno, R.B.
110 1 _aFundação Universidade de Brasília, DF (Brasil). Faculdade de Agronomia e Medicina Veterinária
_0Tese (Mestre em Ciências Agrárias)
_95048
245 1 _aCrescimento inicial da parte aérea do cafeeiro Rubi influenciado por NPK e regime hídrico
260 3 _aBrasília, DF (Brasil):
_c2002.
300 _a64 p.
500 _aSummaries (Eng, Por); Several bibliography; 6 illus.
650 _aCAFÉ
650 _aCRESCIMENTO
650 _aPARTE ÁEREA
650 _aNPK
650 _aDEFICIÊNCIA HÍDRICA
650 _aADUBAÇÃO
650 _aIRRIGAÇÃO
909 _a202309
_bLucia
_c55
_dLucia Elande
942 _cBK
999 _c64258
_d64258